000 00665nam a2200205 a 4500
005 20140412111307.0
008 010425s19uu xx 00 eng d
020 _a0-394-86286-4
050 _aTR(PS E
_bRu87 1986
100 _aHofmann, Ginnie
245 _aRunaway teddy bear (The) /
_cGinnie Hofmann.
260 _aNew York :
_bRandom House,
_c1986.
300 _a1v. (unp.) ; ill.
440 _aA Random House Pictureback
520 _aFeeling neglected by his owner, a teddy bear runs away to live in the forest with real bears.
650 _aChildren's stories, American
650 _aTeddy bears-Fiction
650 _aBears-Fiction
999 _c103768
_d103768